1978 FIFA World Cup Host Cities and Stadiums - Statistics

General Stats
  • This quiz has been taken 31 times
  • The average score is 5 of 11
Answer Stats
Picture Hint Answer % Correct
Argentina Buenos Aires
100%
Argentina Rosario
86%
Argentina Córdoba
79%
Argentina Mar del Plata
64%
Argentina Ciudad de Mendoza
57%
9 games | Capacity: 74.624 Estadio Mâs Monumental
36%
8 games | Capacity: 46.986 Estadio Córdoba
21%
6 games | Capacity: 45.645 Estadio Gigante de Arroyito
21%
3 games | Capacity: 49.318 Estadio José Amalfitani
21%
6 games | Capacity: 43.542 Estadio José María Minella
21%
6 games | Capacity: 34.954 Estadio Ciudad de Mendoza
14%
No matching quizzes found
Score Distribution
Percent of People with Each Score
Percentile by Number Answered
Your Score History
You have not taken this quiz